Lipstick - Charlie Puth (All Lyrics) - Statistics

General Stats
  • This quiz has been taken 17 times
  • The average score is 356 of 490
Answer Stats
Answer % Correct
a
100%
lips
100%
lipstick
100%
Lipstick
100%
the
100%
The
100%
you
100%
You
100%
(you)
100%
and
93%
And
93%
I
93%
(I)
93%
mine,
93%
(mine)
93%
my
93%
on
93%
that
93%
That
93%
to
93%
your
93%
you're
93%
You're
93%
(You're)
93%
baby
87%
Baby,
87%
baby?
87%
(Baby)
87%
I'm
87%
Just
87%
just
87%
neck
87%
put
87%
all
80%
be
80%
bitches
80%
body,
80%
Come
80%
go
80%
it
80%
It
80%
(it)
80%
I've
80%
no
80%
No,
80%
oh
80%
(Oh)
80%
one
80%
One
80%
(one)
80%
show
80%
these
80%
time,
80%
time
80%
(time)
80%
been
73%
bout
73%
can
73%
(can)
73%
future
73%
Tell
73%
(Tell)
73%
think
73%
thinking
73%
we
73%
We
73%
ain't
67%
'Cause
67%
hobby,
67%
it's
67%
lately,
67%
man
67%
man,
67%
there
67%
do
60%
(do)
60%
'em
60%
got
60%
make
60%
(make)
60%
(me)
60%
momma
60%
more
60%
(more)
60%
sister
60%
yeah
60%
Yeah,
60%
collar
53%
gets
53%
in
53%
jealous
53%
picture
53%
say
53%
(Say)
53%
want
53%
post
47%
reason
47%
than
47%
who
47%
but
40%
But
40%
don't
40%
Don't
40%
if
40%
kind
40%
like,
40%
of
40%
playin',
40%
sayin'
40%
selfish
40%
So
40%
this
40%
ahead
33%
crazy,
33%
now
33%
that's
33%
What
33%
hold
27%
know
27%
long
27%
not
27%
only
27%
rumors
27%
(taste)
27%
for
20%
gotta
20%
I'll
20%
kinda
20%
name
20%
public,
20%
really
20%
tongue
20%
tongue,
20%
type
20%
(wanna)
20%
would
20%
Everybody
13%
feels
13%
is
13%
might
13%
moon,
13%
night,
13%
sound
13%
stay
13%
(stay)
13%
bar
7%
hand
7%
kissing
7%
raise
7%
stars,
7%
wantin'
7%
way
7%
holdin'
0%
Listen,
0%
sing
0%
No matching quizzes found
Score Distribution
Percent of People with Each Score
Percentile by Number Answered
Your Score History
You have not taken this quiz